000 00439nam a22001817a 4500
003 MPLRDC
005 20220104143445.0
008 210129b ||||| |||| 00| 0 eng d
020 _a957-14-0855-7
082 _a120.9 LSG v.1
100 _a劳思光
245 _a新编中国哲学史. 一
_c
250 _a增订七版
260 _a
_b三民书局
_c1993
300 _b
650 _a中国哲学史
942 _cBK
_o120.9 LSG v.1
999 _c40090
_d40080